000 00833nam a2200217 i 4500
001 bg
245 0 0 _aRocznik Statystyczny Gospodarki Morskiej 2004 =
_bStatistical yearbook of martime economy /
_c[zespół pod kier. Anny Pazdan] ; Główny Urząd Statystyczny, Urząd Statystyczny w Szczecinie.
260 _aWarszawa ;
_aSzczecin :
_bZakład Wydawnictw Statystycznych,
_c2004.
490 1 _aRoczniki Branżowe,
_x0079-2667
500 _aTekst. równol. pol., ang.
650 9 _aGospodarka morska
_zPolska
_ystan na 2004 r.
700 1 _aPAZDAN, Anna.
_eRed.
710 0 _aGłówny Urząd Statystyczny
710 0 _aUrząd Statystyczny (Szczecin)
830 _aRoczniki Branżowe,
_x0079-2667
040 _cBPK
041 w _apoleng
080 _a338.4(438)(083.41)
942 _cKS
008 s pl f |000 0 pol
999 _c35460
_d35460
856 _uhttp://koha.tu.koszalin.pl/cgi-bin/koha/opac-detail.pl?biblionumber=35460
_yKatalog online BPK